000 00628nam a2200193Ia 4500
005 20240530103733.0
008 140319s9999 xx 000 0 ara d
040 _aGCL /
_cGCL
082 0 4 _a922.1 /
_bن ع
100 1 _aنظمى لوقا
245 1 0 _aعمر بن الخطاب :
_bالبطل والمثل والرجل /
_cنظمى لوقا
260 _aالقاهرة :
_bمكتبة غريب،
_cد . ت
300 _a221 ص؛
_c20 سم
650 0 4 _aعمر بن الخطاب
650 0 4 _aالصحابة
650 0 4 _aامير المؤمنين
942 _2ddc
_cBK
999 _c42073
_d42073